000 00272nam a22001097a 4500
999 _c256661
_d256660
008 180116b xxu||||| |||| 00| 0 eng d
020 _a0135745756
100 _aRaymond A Barnett & Michael R. Ziegler
245 _aApplied Mathematics
250 _a6th ed
260 _c1996